[Event "Sabadell Open 2018"]
[Site "Sabadell"]
[Date "2018.09.03"]
[Round "3"]
[White "Carbajal Gutierrez, Sergi Rober"]
[Black "Martinez Torras, Pol"]
[Result "0-1"]
[WhiteElo "1529"]
[BlackElo "1621"]
[Annotator "NA"]
[PlyCount "80"]
[EventDate "2018.09.01"]
[EventType "swiss"]
[EventCountry "ESP"]
[SourceTitle "playchess.com"]
[Source "ChessBase"]
[SourceQuality "1"]
[TimeControl "5400+30"]

1. d4 {[%emt 0:00:00]} d5 {[%emt 0:00:00]} 2. c4 {[%emt 0:00:00]} c6 {[%emt 0:00:00]} 3. Nc3 {[%emt 0:00:52]} Nf6 {[%emt 0:01:24]} 4. cxd5 {[%emt 0:01:26]} cxd5 {[%emt 0:00:16]} 5. Nf3 {[%emt 0:01:06]} Nc6 {[%emt 0:01:26]} 6. Bg5 {[%emt 0:05:37]} e6 {[%emt 0:07:19]} 7. e3 {[%emt 0:03:30]} Be7 {[%emt 0:03:50]} 8. a3 h6 {[%emt 0:01:29]} 9. Bh4 {[%emt 0:01:15]} a6 {[%emt 0:02:29]} 10. Qc2 {[%emt 0:04:54]} O-O {[%emt 0:03:35]} 11. Bd3 {[%emt 0:03:37]} Qc7 {[%emt 0:05:14]} 12. O-O {[%emt 0:22:14]} Rd8 13. Ne2 {[%emt 0:02:39]} g5 {[%emt 0:05:16]} 14. Bg3 {[%emt 0:06:09]} Bd6 {[%emt 0:09:06]} 15. Rac1 Nh5 {[%emt 0:00:24]} 16. Bxd6 {[%emt 0:10:01]} Qxd6 17. Ng3 {[%emt 0:19:23]} Nxg3 {[%emt 0:03:11]} 18. fxg3 {[%emt 0:04:14]} f5 {[%emt 0:07:38]} 19. Qe2 {[%emt 0:02:55]} Bd7 20. Nd2 {[%emt 0:04:09]} g4 {[%emt 0:11:26]} 21. Nb3 Rf8 {[%emt 0:06:51]} 22. Rf4 {[%emt 0:01:39]} h5 {[%emt 0:01:01]} 23. Rcf1 {[%emt 0:00:45]} Ne7 {[%emt 0:03:47]} 24. Nc5 b5 {[%emt 0:00:02]} 25. Nxd7 {[%emt 0:03:05]} Qxd7 26. Rc1 {[%emt 0:01:00]} Rac8 {[%emt 0:00:56]} 27. Rff1 {[%emt 0:01:05]} Kg7 {[%emt 0:03:23]} 28. Rxc8 {[%emt 0:00:07]} Nxc8 {[%emt 0:00:32]} 29. h4 Nd6 {[%emt 0:03:22]} 30. b3 {[%emt 0:01:35]} Rc8 {[%emt 0:00:38]} 31. Qd2 {[%emt 0:00:38]} Qc7 {[%emt 0:03:39]} 32. Rb1 {[%emt 0:01:00]} Qc3 {[%emt 0:00:36]} 33. Qe2 {[%emt 0:00:33]} Ne4 {[%emt 0:03:16]} 34. Bxe4 {[%emt 0:00:06]} dxe4 35. Kf2 Qd3 {[%emt 0:01:22]} 36. Qxd3 {[%emt 0:01:37]} exd3 {[%emt 0:00:02]} 37. e4 {[%emt 0:00:16]} fxe4 {[%emt 0:00:38]} 38. Ke3 Rc2 {[%emt 0:00:18]} 39. Re1 {[%emt 0:00:48]} Rxg2 {[%emt 0:00:42]} 40. Kxe4 {[%emt 0:00:36]} Re2+ {[%emt 0:00:08]} 0-1

[Event "Sabadell Open 2018"]
[Site "Sabadell"]
[Date "2018.09.04"]
[Round "4"]
[White "Stella, Andrea"]
[Black "Munoz, Miguel"]
[Result "0-1"]
[WhiteElo "2508"]
[BlackElo "2471"]
[Annotator "TA"]
[PlyCount "72"]
[EventDate "2018.09.01"]
[EventType "swiss"]
[EventCountry "ESP"]
[SourceTitle "playchess.com"]
[Source "ChessBase"]
[SourceQuality "1"]

{[%evp 19,72,59,74,55,40,52,69,62,49,48,86,87,82,81,81,76,95,93,108,102,92,0,0,0,-4,-37,-27,-29,-10,-18,-11,-52,-39,-40,-33,-80,-54,-54,0,-69,-67,-80,-80,-139,-137,-208,-206,-1205,-1186,-1484,-1493,-1675,-1638,-29996,-287]} 1. e4 d5 2. exd5 Qxd5 3. Nc3 Qa5 4. d4 Nf6 5. Nf3 Bg4 6. h3 Bxf3 7. Qxf3 c6 8. Bd2 Nbd7 9. O-O-O e6 10. Kb1 {B01: Skandinavische Verteidigung} Bb4 {LiveBook: 9 Partien} 11. Be2 $146 ({Vorgänger:} 11. a3 Be7 12. Ne4 Qb6 13. Nxf6+ Nxf6 14. Qd3 O-O 15. Be3 Rfd8 16. Be2 e5 17. dxe5 Rxd3 18. Bxb6 Rxd1+ 19. Rxd1 axb6 20. exf6 Bxf6 {½-½ (51) Ahvenjarvi,J (2317)-Munoz Pantoja,M (2473) Tallinn 2016}) 11... O-O 12. g4 {Weiß steht etwas besser.} Nd5 13. Nxd5 Bxd2 14. Ne3 Nb6 15. Nc4 Nxc4 16. Bxc4 Bb4 {[%cal Bd2b4,Bb4d6,Bd6e5][%mdl 32]} 17. h4 Bd6 18. g5 Qf5 19. Qe2 e5 20. g6 (20. Bd3 $16 Qf4 21. dxe5 Bxe5 22. Rdg1) 20... hxg6 $11 {[%cal Bh7g6,Bg6g5][%mdl 32]} 21. h5 {[#] zielt auf hxg6 ab.} g5 $1 22. dxe5 Bxe5 23. Bd3 Qf6 24. Qe4 {[%csl Gd3][%cal Re4h7]} Rfe8 $1 25. Qh7+ Kf8 {[%cal Bg8f8,Bf8e7,Be7d7,Bd7c7,Bc7b8][%mdl 32]} 26. Rde1 Rad8 27. Re3 {The1 wäre jetzt gut für Weiss.} Qh6 28. Qf5 Qf6 29. Qh7 Ke7 30. h6 gxh6 31. Rhh3 (31. a4 $142) 31... Kd7 $17 32. Rxh6 (32. a3 $17) 32... Qxf2 $40 {[%mdl 128] [#] ( -> ...Dg1+). Weiss ist in Schwierigkeiten.} 33. Bf5+ $2 (33. Qf5+ Qxf5 34. Bxf5+ Kc7 35. a3) 33... Kc7 {[%cal Rd8d1]} 34. Qxf7+ Kb8 {[%cal Rd8d1]} 35. a3 Qxe3 36. Rh7 Rd1+ {Precision: Weiß = 40%, Schwarz = 83%.} 0-1

[Event "Sabadell Open 2018"]
[Site "Sabadell"]
[Date "2018.09.04"]
[Round "4"]
[White "Aguero Jimenez, Luis Lazaro"]
[Black "Valdes Romero, Leonardo"]
[Result "1-0"]
[WhiteElo "2483"]
[BlackElo "2398"]
[Annotator "TA"]
[PlyCount "97"]
[EventDate "2018.09.01"]
[EventType "swiss"]
[EventCountry "ESP"]
[SourceTitle "playchess.com"]
[Source "ChessBase"]
[SourceQuality "1"]

{[%evp 10,97,35,43,48,41,44,47,43,18,76,70,68,54,144,116,75,76,64,44,65,63,83,88,52,16,22,1,14,14,10,7,0,4,92,95,104,87,97,69,140,139,150,116,117,130,110,109,188,185,164,176,157,220,186,164,269,252,343,151,343,343,343,82,325,318,319,325,325,317,321,309,303,315,306,0,287,274,269,257,450,311,708,311,993,979,5190,802,29990,29991]} 1. d4 d6 2. Bf4 Nf6 3. Nc3 Nbd7 (3... g6 4. Qd2 c6 5. e4 b5 6. f3 Nbd7 7. Nge2 Nb6 8. Ng3 h5 9. Be2 Bg7 10. O-O h4 11. Nh1 h3 12. g4 a5 13. Ng3 Ba6 {1-0 (71) Aronian,L (2805)-Demchenko,A (2660) Riadh 2017}) 4. Nf3 c5 5. d5 b5 6. Nxb5 {LiveBook: 4 Games. A45: Trompowsky Attack} Qa5+ 7. Nc3 Rb8 8. Bd2 {White is slightly better.} Rxb2 9. a4 $146 ({Predecessor:} 9. e4 g6 10. Rb1 Rxb1 11. Qxb1 {½-½ (29) Hilwerda,J (2111)-Lalic,B (2397) Delft 2018}) 9... Rb7 (9... g6 $11) 10. e4 $16 g6 $1 11. Bb5 {Hoping for 0-0.} Qc7 (11... a6 $14) 12. Bc6 Rb4 13. O-O {And now Nb5 would win.} a6 14. Ne2 $1 Rxe4 15. Ng3 Bg7 16. Nxe4 Nxe4 17. Re1 Nxd2 18. Nxd2 ({Much worse is} 18. Qxd2 Bxa1 19. Rxa1 O-O $15) 18... Bxa1 19. Qxa1 {[%cal Ra1h8]} O-O {aiming for ...Ne5.} 20. Rxe7 {Threatens to win with Ne4.} Qd8 21. Re1 {White wants to play Ne4.} Nf6 (21... Ne5 $11 {remains equal.}) 22. Nc4 Bf5 23. Qc3 h5 24. f3 Nh7 ({Black should play} 24... h4 $14) 25. a5 h4 26. Rb1 Qg5 27. Qe3 {Strongly threatening Qxg5.} ({Not} 27. Nxd6 $2 Bh3 $19) 27... Qf6 28. Rb2 g5 (28... h3 $16) 29. h3 $18 Rd8 30. c3 Nf8 31. Bb7 $1 Ng6 32. Bxa6 Nf4 (32... Kf8 {was necessary.} 33. Rb6 Kg7) 33. Nb6 Kg7 34. Bb5 (34. Bf1 $18 {is more deadly.}) 34... Bd3 $2 (34... Rb8 $16 35. Ra2 Rb7) 35. Bxd3 Qxc3 36. Rc2 $2 ({Weaker is} 36. Qe7 Qxb2 37. Qxg5+ Ng6 $16) (36. Ra2 $18 {has better winning chances.}) 36... Qxa5 $2 (36... Qxd3 $16 37. Qxd3 Nxd3) 37. Nc4 Qa1+ 38. Bf1 Qf6 39. Nb6 Kg8 40. Rc1 Qb2 41. Nc4 Qf6 42. Nb6 Qb2 $1 43. Na4 Qf6 44. Nc3 Qf5 $2 (44... Kg7 45. Qd2 Kg6) 45. Ne4 f6 $2 {[#]} (45... Qe5 46. Qd2 Qe7) 46. Ra1 (46. Nxd6 $142 $1 {[%mdl 512]} Qe5 (46... Rxd6 47. Qe8+) 47. Qxe5 fxe5 48. Ne4) 46... Kg7 $2 (46... Qe5) 47. Ra7+ Kg6 {[#]} 48. Nf2 (48. Nxd6 $142 $1 {[%mdl 512]} Qe5 (48... Rxd6 49. Qe8+) 49. Bd3+ Nxd3 50. Qxd3+ f5 {[#]} 51. Nxf5 $1 {[%mdl 512]} Qe1+ 52. Kh2 Qe5+ 53. f4 $1 {[%mdl 512]} Qxf4+ 54. g3 hxg3+ 55. Nxg3+ Kf6 56. Qe2) 48... Rd7 49. Qe8+ {Precision: White = 59%, Black = 36%.} 1-0

[Event "Sabadell Open 2018"]
[Site "Sabadell"]
[Date "2018.09.04"]
[Round "4"]
[White "Diaz Camallonga, Carles"]
[Black "Cruz, Cristhian"]
[Result "1/2-1/2"]
[WhiteElo "2447"]
[BlackElo "2571"]
[Annotator "TA"]
[PlyCount "83"]
[EventDate "2018.09.01"]
[EventType "swiss"]
[EventCountry "ESP"]
[SourceTitle "playchess.com"]
[Source "ChessBase"]
[SourceQuality "1"]

{[%evp 23,83,0,1,-14,-8,-14,3,0,27,21,30,0,22,0,0,0,0,0,0,0,0,0,8,8,9,8,9,8,9,9,9,9,9,9,9,9,9,0,0,0,0,0,0,0,0,0,0,0,0,0,0,0,0,0,0,0,0,0,0,0,0,-152]} 1. e4 e5 2. Nf3 Nc6 3. Bb5 a6 4. Ba4 g6 5. O-O Bg7 6. c3 Nge7 7. d4 exd4 8. cxd4 b5 {C60: Ruy Lopez: Unusual Black 3rd moves and 3...g6} 9. Bb3 O-O 10. Nc3 d6 11. h3 Na5 12. Bg5 h6 {LiveBook: 7 Games} 13. Bxe7 Qxe7 {[#]} 14. Rc1 $146 {White wants to play Nd5.} ({Predecessor:} 14. Nd5 Qd8 15. Rc1 c6 16. Nf4 {½-½ (48) Vachier Lagrave,M (2758)-Mamedyarov,S (2765) Beijing 2014}) 14... c5 15. Bd5 Rb8 16. Re1 Bd7 17. Qd2 Rfc8 {The position is equal.} 18. e5 {[#] Black must now prevent exd6.} cxd4 $1 19. Ne4 {Threatens to win with Nf6+!} Rxc1 $1 20. Rxc1 Nc4 $1 {[%cal Rc4d2]} 21. Bxc4 ({Of course not} 21. Qxd4 Nxe5 22. Qa7 Nxf3+ 23. gxf3 Rd8 $15) 21... bxc4 22. Nxd6 c3 23. bxc3 dxc3 24. Qxc3 Qxd6 25. exd6 Bxc3 26. Rxc3 $11 {[%mdl 4096] Endgame KRB-KRN} Rb1+ 27. Kh2 {[#] Strongly threatening Rc7.} Rd1 28. Ne5 Rxd6 29. Nxd7 Rxd7 {KR-KR} 30. Rc6 Rd2 31. Rxa6 Rxf2 32. a4 h5 33. h4 Kg7 34. Kg3 Ra2 35. Kf3 Ra3+ 36. Kf4 Ra2 37. g3 Rb2 38. a5 Rb4+ 39. Kf3 Rb3+ 40. Kf4 Rb4+ 41. Kf3 Rb3+ 42. Ke4 $2 {Precision: White = 60%, Black = 75%.} (42. Kf2 $11) 1/2-1/2

[Event "Sabadell Open 2018"]
[Site "Sabadell"]
[Date "2018.09.04"]
[Round "4"]
[White "Lorenzo De La Riva, Lazaro"]
[Black "Gonzalez Garcia, Jose"]
[Result "1/2-1/2"]
[WhiteElo "2399"]
[BlackElo "2497"]
[Annotator "TA"]
[PlyCount "27"]
[EventDate "2018.09.01"]
[EventType "swiss"]
[EventCountry "ESP"]
[SourceTitle "playchess.com"]
[Source "ChessBase"]
[SourceQuality "1"]

{[%evp 25,26,0,0]} 1. d4 d5 2. c4 c6 3. Nc3 Nf6 4. cxd5 cxd5 5. Nf3 Nc6 6. Bf4 Bf5 7. e3 e6 8. Qb3 Bb4 9. Bb5 O-O 10. O-O Bxc3 11. Bxc6 Bxb2 12. Bxb7 {D14: Slav Defence: Exchange variation with ...Bf5} Bxa1 13. Rxa1 Ne4 {[#] LiveBook: 3 Games} {Predecessor:} 14. Bxa8 $146 1/2-1/2

[Event "Sabadell Open 2018"]
[Site "Sabadell"]
[Date "2018.09.04"]
[Round "4"]
[White "Valenzuela Gomez, Fernando"]
[Black "Gonzalez Rodriguez, Jorge A."]
[Result "1-0"]
[WhiteElo "2384"]
[BlackElo "2230"]
[Annotator "TA"]
[PlyCount "115"]
[EventDate "2018.09.01"]
[EventType "swiss"]
[EventCountry "ESP"]
[SourceTitle "playchess.com"]
[Source "ChessBase"]
[SourceQuality "1"]

{[%evp 22,115,43,41,50,43,50,41,54,33,36,11,19,9,13,0,122,110,154,129,168,20,44,23,18,20,36,17,63,0,0,-1,0,-24,-4,-74,-70,-71,-66,-53,-69,-88,-10,-69,-31,-28,-15,-16,-31,-30,-28,-18,-51,-37,-11,-18,0,0,0,-31,-31,-31,-31,-47,0,0,0,-35,-30,-70,-64,-97,-115,-161,-94,-104,-54,-168,-160,-185,-186,-331,-13,-22,0,0,0,0,1637,1531,5218,2857,29986,29987,29987,29988]} 1. d4 Nf6 2. c4 e6 3. Nf3 b6 4. g3 Bb7 5. Bg2 Bb4+ 6. Bd2 Qe7 7. O-O Bxd2 8. Qxd2 d6 9. d5 {E16: Queen's Indian: 4 g3 Bb7 5 Bg2 Bb4+} e5 10. Nc3 a5 11. e4 (11. Nh4 Bc8 12. a3 O-O 13. b4 g6 14. Nb5 Ba6 15. Qc2 Rc8 16. Nc3 Bxc4 {1-0 (46) Bacrot,E (2725)-Fedorchuk,S (2648) Riadh 2017}) 11... O-O 12. Nh4 {LiveBook: 4 Games} g6 13. b3 $146 ({Predecessor:} 13. f4 exf4 14. gxf4 Nxe4 15. Nxe4 Qxh4 16. f5 Nd7 17. Rf4 Qh6 18. f6 {½-½ (26) Vigorito,D (2415)-Canty,J (2353) Charlotte 2016}) 13... Na6 14. a3 c6 15. dxc6 Bxc6 16. Rfd1 Rfd8 17. Qe3 Nc5 18. Rab1 Qb7 (18... Rdb8 $11) 19. b4 $1 $16 {[%cal Rb4c5]} axb4 ({Don't blunder} 19... Ncxe4 $2 20. b5 $18) 20. axb4 Na4 ({Wrong is} 20... Ncxe4 $2 21. b5 $18) 21. Nd5 (21. b5 $1 $18 {[%cal Rb5c6]} Be8 22. Nxa4 Rxa4 23. Qg5) 21... Bxd5 $11 22. exd5 Qd7 23. Rbc1 Rdc8 {Hoping for ...Nb2.} 24. Bf1 Rc7 25. Ra1 ({White should try} 25. f4 $14) 25... Rac8 26. Qa3 b5 27. cxb5 (27. c5 {with more complications.} dxc5 28. d6 Rb7 29. Qf3 Kg7 30. Bh3) 27... Nb6 28. Rac1 (28. Qf3 $11 {remains equal.} Qe7 29. Ng2) 28... Rxc1 29. Rxc1 Rxc1 30. Qxc1 Nfxd5 31. Nf3 Qc7 (31... Kg7 $17 32. Nd2 Nxb4) 32. Qh6 (32. Qxc7 $11 Nxc7 33. Nd2) 32... Qc3 33. Ng5 Nf6 34. Qh4 $1 Kg7 35. Ne4 Nxe4 36. Qxe4 d5 37. Qh4 Qc7 38. Qg5 $1 h6 39. Qe3 d4 40. Qe4 f5 41. Qd3 Qc3 42. Qe2 e4 43. Qa2 Qc7 $36 {[%mdl 2048] White is under pressure.} 44. Qa1 Qd6 45. Qa7+ Kf6 46. Qh7 {[#]} d3 $1 47. Qh8+ Ke6 (47... Ke7 $19 48. Qxh6 d2) 48. Qxh6 $17 Kd5 49. Qc1 (49. h4 $1 $15) 49... Nc4 $19 {[%mdl 1024] Black has strong compensation.} 50. Qc3 Qe5 51. Qb3 {[#]} (51. Qc1 {was worth a try.}) 51... Qb2 $2 (51... Qa1 $1 $19 {...Kd4 is the strong threat.} 52. b6 Kd4) 52. Qa4 $1 $11 {Threatens to win with b6!} Kd4 {aiming for ...Nd2.} 53. Qa7+ Kc3 54. b6 {And now Qg7+ would win.} Kd2 $2 {[%mdl 8192]} (54... Qb1 $11 55. b7 d2) 55. b7 $18 Ke1 56. b8=Q e3 57. Qf4 e2 58. Bxe2 {Precision: White = 47%, Black = 40%.} 1-0

[Event "Sabadell Open 2018"]
[Site "Sabadell"]
[Date "2018.09.04"]
[Round "4"]
[White "Arias, Daniel"]
[Black "Aroshidze, Levan"]
[Result "1/2-1/2"]
[WhiteElo "2274"]
[BlackElo "2513"]
[Annotator "TA"]
[PlyCount "80"]
[EventDate "2018.09.01"]
[EventType "swiss"]
[EventCountry "ESP"]
[SourceTitle "playchess.com"]
[Source "ChessBase"]
[SourceQuality "1"]

{[%evp 24,80,67,37,41,0,0,0,33,20,35,0,0,0,28,33,30,34,37,22,85,71,58,59,93,81,90,72,51,20,14,14,31,0,0,0,0,0,60,12,14,14,21,5,0,4,0,3,8,9,0,0,36,0,0,0,0,0,0]} 1. e4 c5 2. Nf3 e6 3. d4 cxd4 4. Nxd4 a6 5. c4 Nf6 6. Nc3 Qc7 7. Be3 b6 8. Be2 Bb7 9. f3 Be7 10. Qd2 O-O 11. O-O d6 12. Rfd1 {B41: Sicilian: Kan Variation: 5 c4} (12. Rfc1 Nbd7 13. b4 Rac8 14. Nb3 Qb8 15. Bf1 Rfe8 16. Qf2 Bd8 17. Na4 Ba8 18. c5 b5 19. Nc3 Bc7 20. g3 dxc5 21. Nxc5 Nxc5 22. bxc5 {1-0 (45) Nepomniachtchi,I (2729)-Ponkratov,P (2613) Riadh 2017}) 12... Nbd7 13. a4 {LiveBook: 10 Games} Rad8 14. a5 $146 {White is slightly better.} ({Predecessor:} 14. Kh1 Rfe8 15. Bf1 Bf8 16. a5 bxa5 17. Nb3 Rb8 {½-½ (17) Wegner,H (2345)-Kleeschaetzky,R (2230) Germany 2000}) 14... bxa5 15. Nb3 d5 16. cxd5 ({Of course not} 16. Nxa5 dxe4 17. Nxb7 Qxb7 $15) 16... exd5 17. Nxd5 Nxd5 18. exd5 Bb4 19. Qc1 Qe5 20. Nxa5 Bxd5 21. Bxa6 Qe6 {[#]} (21... Ra8 $11 {remains equal.} 22. Bc4 Be6) 22. Rxd5 $1 $16 Qxd5 23. Nc6 Bd6 24. Nxd8 Rxd8 25. Qd2 Qe5 26. f4 Qe7 27. Qf2 Nf6 {[#] Strongly threatening ...Ng4.} 28. Qf3 (28. Bb6 $5 {[%cal Rb6d8]} Bc7 29. Re1 $14) 28... Nd5 29. Bd2 Bc5+ 30. Kh1 Nc7 ({Black should play} 30... Qf6 $11) 31. Bc3 Nxa6 32. Rxa6 Qb7 33. Ra1 (33. Qxb7 $2 {is a self mate.} Rd1+ 34. Be1 Rxe1#) 33... Qxf3 34. gxf3 $11 {[%mdl 4096] Endgame KRB-KRB} f6 35. Kg2 Be3 36. Kg3 Kf7 37. Kg4 h5+ 38. Kg3 Kg6 {The position is equal.} 39. Re1 Rd3 40. Ra1 Rd5 {Precision: White = 58%, Black = 62%.} 1/2-1/2

[Event "Sabadell Open 2018"]
[Site "Sabadell"]
[Date "2018.09.04"]
[Round "4"]
[White "Gomez Jurado, Luis Alberto"]
[Black "Giron, Jorge Ernesto"]
[Result "0-1"]
[WhiteElo "2235"]
[BlackElo "2303"]
[Annotator "TA"]
[PlyCount "80"]
[EventDate "2018.09.01"]
[EventType "swiss"]
[EventCountry "ESP"]
[SourceTitle "playchess.com"]
[Source "ChessBase"]
[SourceQuality "1"]

{[%evp 21,80,12,4,-27,-18,-33,0,-43,-17,-13,-10,-8,-9,-14,0,-23,-35,-31,-16,-29,-28,-25,0,-21,-29,-50,-55,-36,-47,-52,-41,-49,-9,-17,0,-14,-14,-75,-79,-102,-105,-233,-225,-202,-158,-156,-101,-256,-256,-258,-251,-2281,-1948,-1842,-1626,-29992,-29993,-29993,-29994,-29994,-29992]} 1. c4 c5 2. g3 Nc6 3. Nc3 g6 4. Bg2 Bg7 5. Nf3 d6 6. d3 e6 7. a3 {A37: Symmetrical English vs ...g6: 4 Bg2 Bg7 5 Nf3} Nge7 8. O-O O-O 9. Bg5 h6 10. Bd2 d5 11. cxd5 exd5 {LiveBook: 3 Games} 12. Qc1 $146 ({Predecessor (2):} 12. Rb1 a5 13. Qc1 Kh7 14. Nb5 Qb6 15. a4 Na7 16. Nxa7 Qxa7 17. e4 Be6 18. Bc3 {0-1 (66) Dzagnidze,N (2520)-Muzychuk,A (2558) Doha 2016}) 12... Kh7 13. e4 dxe4 14. dxe4 Nd4 15. Nxd4 cxd4 {[%cal Bc5d4,Bd4d3][%mdl 32]} 16. Nd5 Nxd5 17. exd5 Bf5 18. Qc4 Rc8 19. Qb3 Rc2 20. Bb4 d3 $1 21. Bxf8 Rxb2 22. Qd1 Qxf8 23. g4 Bd7 $36 {[%mdl 2048] White is under pressure.} 24. Qxd3 Bb5 25. Qe3 {White wants to play Rfe1.} Bxf1 26. Rxf1 a6 27. Qf4 Qxa3 28. d6 Qd3 29. Be4 (29. Qxf7 $11 Qxd6 30. Bxb7) 29... Qd4 $17 {Hoping for ...Re2.} 30. Re1 Kg8 31. Rc1 {[#]} (31. Qf3 $17 Qxd6 32. Bxb7) 31... Be5 $1 $19 {[%cal Re5f4]} 32. Qf3 Qxd6 33. Bxb7 Bxh2+ (33... Bd4 $142 34. Rf1 Kg7) 34. Kh1 $2 {[#]} (34. Kg2 $17) 34... Bg3 $1 {[%mdl 512]} 35. Rc8+ (35. fxg3 Qd2) 35... Kg7 36. Qc3+ $2 (36. fxg3 Qd2 37. Qc3+ Qxc3 38. Rxc3 Rxb7 39. Kg2) 36... Be5 {( -> ...Qd1+)} 37. Qf3 Qb6 38. Be4 Rxf2 {[%csl Ge5][%cal Rf2h2] Black mates.} 39. Qh3 Qb2 40. Kg1 Bh2+ {Precision: White = 17%, Black = 71%.} 0-1

[Event "Sabadell Open 2018"]
[Site "Sabadell"]
[Date "2018.09.04"]
[Round "4"]
[White "Nieto Farreny, Francesc"]
[Black "Jimenez Ruano, Adrian"]
[Result "1/2-1/2"]
[WhiteElo "2191"]
[BlackElo "2244"]
[Annotator "TA"]
[PlyCount "108"]
[EventDate "2018.09.01"]
[EventType "swiss"]
[EventCountry "ESP"]
[SourceTitle "playchess.com"]
[Source "ChessBase"]
[SourceQuality "1"]

{[%evp 18,108,35,7,23,20,49,57,65,68,68,58,58,58,66,50,41,44,77,-5,-5,-4,-11,-8,0,0,0,0,0,0,0,-33,0,-20,0,0,0,0,83,87,103,95,91,16,138,71,59,54,290,130,73,0,0,0,0,0,0,0,0,0,0,-29,117,88,106,125,125,105,832,0,0,-1,-1,-8,-8,-6,0,0,0,0,0,0,0,0,0,0,0,0,0,0,0,0,0]} 1. d4 Nf6 2. c4 e6 3. Nc3 Bb4 4. e3 d5 5. a3 Bxc3+ 6. bxc3 c6 7. Bd3 O-O 8. Ne2 {E49: Nimzo-Indian: Rubinstein: 5 Bd3 d5 6 a3 Bxc3+ 7 bxc3} b6 9. cxd5 (9. O-O Ba6 10. cxd5 cxd5 11. Bxa6 Nxa6 12. Qd3 Qc8 13. f3 Nb8 14. e4 Qa6 15. Qe3 Nc6 {1-0 (52) Radjabov,T (2741)-Movsesian,S (2671) Heraklio 2017}) 9... cxd5 10. O-O {LiveBook: 4 Games. White is slightly better.} Nc6 $146 ({Predecessor:} 10... Ba6 11. Bxa6 Nxa6 12. a4 Nb8 13. Qd3 Qc7 14. f3 {0-1 (40) Quintin Navarro,A (2420)-Serarols Mabras,B (2313) Linares 2018}) 11. f3 Na5 12. e4 {[%cal Be3e4,Be4e5][%mdl 32]} Bb7 {[%cal Rd5e4]} 13. e5 Nd7 14. Ra2 Re8 15. Qe1 Qc8 16. Qh4 Nf8 $1 17. f4 Ba6 18. Rd2 (18. Bxa6 $16 Qxa6 19. Qh3) 18... Nb3 $11 19. Rdd1 Bxd3 20. Rxd3 Qa6 21. Qh3 Nxc1 22. Nxc1 Qxa3 23. f5 exf5 $1 24. c4 Qe7 25. cxd5 Qd7 26. d6 g6 27. Rg3 Kh8 (27... Rac8 $11) 28. Qh4 $16 {[%mdl 1024] White has strong compensation.} Qd8 29. Qh6 Qd7 30. Nd3 (30. h4 $16) 30... a5 (30... Qa4 $1 $11) 31. Nf4 (31. h4 $142 $1) 31... Qa4 32. Rd3 $1 Qb5 $2 {[#]} (32... Qc4 $1 $14) 33. h4 (33. g4 $1 $18 {[%cal Rg4f5] and the rest is easy. Strongly threatening gxf5.} fxg4 34. Qg5) 33... Ne6 34. Nxe6 (34. Rg3 $16) 34... Rxe6 $11 35. Rc3 $40 {[%mdl 128] And now Rc7 would win. White attacks.} Qd5 36. Qf4 a4 37. Rff3 h5 38. Kh2 Kg7 39. Rg3 Rb8 (39... Qe4 $11 40. Qd2 Qd5) 40. Rc7 $16 Kg8 {[#]} 41. Qxf5 $1 Rxd6 42. Qxh5 $1 a3 $2 {[%mdl 8192]} (42... Rd7 $16 43. Rxg6+ fxg6 44. Qxg6+ Kf8 45. Qf6+ Kg8 46. Qg6+ Kf8 47. Qf6+ Kg8 48. Qg6+) 43. Qg4 $2 (43. Qh6 $18) 43... a2 $11 {The position is equal.} 44. Ra3 Qxd4 45. Qxd4 Rxd4 46. Rxa2 Rxh4+ {[%mdl 4096] Endgame KRR-KRR} 47. Kg3 Re4 48. Raa7 Rf8 49. Re7 b5 50. Rab7 b4 51. Kf3 Rc4 52. Kg3 Re4 53. Kf3 Rc4 54. Kg3 Re4 {Precision: White = 59%, Black = 39%.} 1/2-1/2

[Event "Sabadell Open 2018"]
[Site "Sabadell"]
[Date "2018.09.04"]
[Round "4"]
[White "Mut Company, Guillem"]
[Black "Prats Rodriguez, Juan Bosco"]
[Result "0-1"]
[WhiteElo "1968"]
[BlackElo "1997"]
[Annotator "NA RC"]
[PlyCount "58"]
[EventDate "2018.09.01"]
[EventType "swiss"]
[EventCountry "ESP"]
[SourceTitle "playchess.com"]
[Source "ChessBase"]
[SourceQuality "1"]
[TimeControl "5400+30"]

1. d4 d6 {[%emt 0:00:14]} 2. Nf3 {[%emt 0:01:06]} Bg4 {[%emt 0:00:06]} 3. c4 {[%emt 0:02:17]} Bxf3 {[%emt 0:00:08]} 4. gxf3 {[%emt 0:05:35]} c6 {[%emt 0:02:53]} 5. Nc3 {[%emt 0:01:17]} g6 {[%emt 0:03:47]} 6. Bg2 {[%emt 0:07:45] A41: 1 d4 d6: Tartakower System and Modern Defence} Bg7 7. f4 {[%emt 0:03:48]} e6 {[%emt 0:03:30]} (7... Nh6 8. e3 Nf5 9. O-O O-O 10. b3 Nd7 11. Bb2 e6 12. Ne4 {0-1 (83) Schiendorfer,E (2349)-Markowski,T (2612) Plovdiv 2012}) 8. Qd3 $146 {[%emt 0:06:59]} ({Predecessor:} 8. d5 exd5 9. cxd5 Ne7 10. Qb3 Qd7 11. Bd2 O-O 12. O-O-O Na6 13. Kb1 Nc5 {1-0 (45) Medic,M (2239)-Tratar,M (2499) Pula 2006}) 8... Ne7 {[%emt 0:06:33]} 9. e3 {[%emt 0:07:41]} d5 {[%emt 0:10:31]} 10. Bd2 {[%emt 0:08:13]} Nd7 {[%emt 0:01:04]} 11. c5 {[%emt 0:03:04]} Nf5 {[%emt 0:01:35]} 12. b4 {[%emt 0:08:39]} O-O {[%emt 0:01:33]} 13. b5 {[%emt 0:05:13]} cxb5 {[%emt 0:01:41]} 14. Qxb5 {[%emt 0:01:19]} Rb8 {[%emt 0:09:41]} 15. Ke2 $2 {[%emt 0:03:57] [#]} (15. O-O $11) 15... Bxd4 $1 {[%emt 0:00:56]} 16. Qb2 {[%emt 0:05:35]} Bg7 {[%emt 0:00:53]} 17. Qa3 {[%emt 0:07:16]} d4 {[%emt 0:04:48]} 18. Nb5 Nxc5 {[%emt 0:08:33]} 19. Qxc5 {[%emt 0:03:17]} d3+ {[%emt 0:01:42]} 20. Kf3 {[%emt 0:00:48]} Rc8 {[%emt 0:04:53]} 21. Qb4 {[%emt 0:00:26]} Bxa1 {[%emt 0:06:28]} 22. Rxa1 {[%emt 0:00:28]} Qh4 {[%emt 0:01:14]} 23. Nd4 {[%emt 0:05:50]} Qh5+ {[%emt 0:02:51]} 24. Ke4 {[%emt 0:00:05]} Qxh2 {[%emt 0:01:45]} 25. Bf3 {[%emt 0:03:47]} Qxf2 {[%emt 0:01:06]} 26. Bd1 {[%emt 0:02:34]} Rfd8 {[%emt 0:05:26]} 27. Rc1 {[%emt 0:03:12]} Rxc1 {[%emt 0:03:53]} 28. Bxc1 {[%emt 0:00:23]} Qf1 {[%emt 0:03:35]} 29. Qb3 {[%emt 0:01:45]} Rd5 $19 {[%emt 0:04:49]} 0-1